000 00314nam a22001457a 4500
008 230516b ||||| |||| 00| 0 eng d
020 _a9780994347084
041 _aeng
080 _a72
082 _a72COL
100 _a19
101 _aART
245 _aDESIGNING UX;PROTOTYPING
_cCOLEMAN.B
942 _2udc
_cBK
999 _c59726
_d59726